[Event "BCF-ch Seniors 50"]
[Site "Coventry"]
[Date "2015.08.05"]
[Round "4"]
[White "Horlock, Peter J"]
[Black "Banks, Peter S"]
[Result "1-0"]
[WhiteElo "1600"]
[BlackElo "1742"]
[PlyCount "51"]
[EventDate "2015.08.02"]
[EventType "swiss"]
[EventRounds "6"]
[EventCountry "ENG"]
[SourceTitle "CBM 167 Extra"]
[Source "ChessBase"]
[SourceDate "2015.09.14"]
[SourceVersion "1"]
[SourceVersionDate "2015.09.14"]
[SourceQuality "1"]

1. e4 e5 2. Nf3 Nc6 3. d4 exd4 4. Nxd4 Qh4 5. Nb5 Qxe4+ 6. Be3 Qb4+ 7. N1c3 Bd6 8. a3 Qh4 9. Nxd6+ cxd6 10. Qxd6 Qf6 11. Qd2 Nge7 12. Ne4 Qxb2 13. Nd6+ Kf8 14. Rd1 Qxa3 15. Bb5 Qa5 16. c3 a6 17. Bxc6 Nxc6 18. 0-0 h6 19. Bd4 Nxd4 20. Qxd4 Kg8 21. Rfe1 Qh5 22. Rd3 Kh7 23. Rg3 Rg8 24. Re8 g5 25. Rxg8 Kxg8 26. Nf5 1-0

[Event "BCF-ch Seniors 50"]
[Site "Coventry"]
[Date "2015.08.04"]
[Round "3"]
[White "Banks, Peter S"]
[Black "Homolka, Vincent"]
[Result "0-1"]
[WhiteElo "1742"]
[BlackElo "1814"]
[PlyCount "106"]
[EventDate "2015.08.02"]
[EventType "swiss"]
[EventRounds "6"]
[EventCountry "ENG"]
[SourceTitle "CBM 167 Extra"]
[Source "ChessBase"]
[SourceDate "2015.09.14"]
[SourceVersion "1"]
[SourceVersionDate "2015.09.14"]
[SourceQuality "1"]

1. e4 d5 2. exd5 Qxd5 3. Nc3 Qa5 4. d4 Nf6 5. Bd2 c6 6. Ne4 Qd5 7. Nxf6+ gxf6 8. Nf3 Bg4 9. Be3 Bxf3 10. Qxf3 Qxf3 11. gxf3 Nd7 12. 0-0-0 e6 13. Rg1 0-0-0 14. Bd3 f5 15. Bg5 Re8 16. Rde1 Bd6 17. h3 Rhg8 18. Bh4 Bh2 19. Rh1 Bf4+ 20. Kd1 Nb6 21. c3 Kd7 22. Bf6 Rg2 23. Re2 Reg8 24. Be5 Nd5 25. Kc2 Bxe5 26. dxe5 Kc7 27. Rd2 Nf4 28. Bf1 Rg1 29. Rxg1 Rxg1 30. Rd1 Ng6 31. Kd2 Nxe5 32. Ke2 Rg8 33. b3 Rd8 34. Rxd8 Kxd8 35. f4 Ng6 36. Ke3 Kc7 37. Bd3 Kd6 38. c4 Nh4 39. Bf1 Kc5 40. a3 a5 41. f3 Ng6 42. Bd3 Ne7 43. Be2 h5 44. Bd3 h4 45. Be2 Ng8 46. Bd3 Nf6 47. Bf1 Nh5 48. Be2 b6 49. Bd3 Ng3 50. Be2 Nxe2 51. Kxe2 Kd4 52. Kd2 f6 53. a4 c5 0-1